Le cours de religion en Belgique francophone (notice n° 1755556)
[ vue normale ]
| 000 -LEADER | |
|---|---|
| fixed length control field | 01423cam a2200169 4500500 |
| 005 - DATE AND TIME OF LATEST TRANSACTION | |
| control field | 20260322010317.0 |
| 041 ## - LANGUAGE CODE | |
| Language code of text/sound track or separate title | fre |
| 042 ## - AUTHENTICATION CODE | |
| Authentication code | dc |
| 100 10 - MAIN ENTRY--PERSONAL NAME | |
| Personal name | Drieskens, Jean-Marc |
| Relator term | author |
| 245 00 - TITLE STATEMENT | |
| Title | Le cours de religion en Belgique francophone |
| 260 ## - PUBLICATION, DISTRIBUTION, ETC. | |
| Date of publication, distribution, etc. | 2026.<br/> |
| 500 ## - GENERAL NOTE | |
| General note | 16 |
| 520 ## - SUMMARY, ETC. | |
| Summary, etc. | L’article se propose d’aborder succinctement la place et la fonction du cours de religion catholique dans l’enseignement obligatoire en Belgique francophone. Dans un premier temps, il évoque la structure et les réseaux de cet enseignement car les finalités évoquées ci-dessus sont étroitement liées à ceux-ci. Dans un second temps, il présente ce cours en évoquant les questions et les défis qu’il suscite aujourd’hui tant dans l’enseignement officiel que dans le libre catholique. |
| 520 ## - SUMMARY, ETC. | |
| Summary, etc. | This article briefly discusses the place and function of Catholic religion classes in compulsory education in French-speaking Belgium. It begins by describing the structure and networks of this type of education, as well as its underlying objectives. Secondly, it presents religion classes by discussing the issues and challenges that they raise today in both the public education system and Catholic private education. |
| 786 0# - DATA SOURCE ENTRY | |
| Note | Lumen Vitae | Volume LXXXI | 1 | 2026-03-03 | p. 10-20 | 0024-7324 |
| 856 41 - ELECTRONIC LOCATION AND ACCESS | |
| Uniform Resource Identifier | <a href="https://shs.cairn.info/revue-lumen-vitae-2026-1-page-10?lang=fr&redirect-ssocas=7080">https://shs.cairn.info/revue-lumen-vitae-2026-1-page-10?lang=fr&redirect-ssocas=7080</a> |
Pas d'exemplaire disponible.




Réseaux sociaux